Variables bioquímicas para el diagnóstico médico / (Registro nro. 570)

Detalles MARC
000 -LEADER
fixed length control field 01292 am a2200337 a 4500
005 - FECHA ULTIMA MODIFICACION
control field 20240215125131.0
008 - CAMPO DE CONTROL (LIBRO)
fixed length control field 100806s1995||||ag d f |||| 001 0 spa d
020 ## - INTERNATIONAL STANDARD BOOK NUMBER
ISBN 9509885325
041 ## - CODIGO DE IDIOMA
Código de idioma del texto/pista de sonido o título separado spa
092 ## - SIGNATURA TOPOGRAFICA DEWEY LOCAL
número de clasificación 616
libristica 46
sección KAL
100 1# - ENTRADA PRINCIPAL--NOMBRE PERSONAL
Nombre personal Kalinov, Adolfo.
9 (RLIN) 915
245 ## - TITULO PROPIAMENTE DICHO
Título Variables bioquímicas para el diagnóstico médico /
Mención de responsabilidad y remanente de la transcripción de la portada Adolfo Kalinov.
250 ## - MENCION DE EDICION
Mención de edición 1a ed.
260 ## - PIE DE IMPRENTA
Lugar de publicación, distribución, etc Buenos Aires:
Nombre de la editorial, distribuidor, etc Janssen-Cilag;
Fecha de publicación 1995.
300 ## - DESCRIPCION FISICA
Extension 176 p.
500 ## - NOTA GENERAL
Nota general Kalinov, A. (1995). Variables bioquímicas para el diagnóstico médico. (1a ed.). Buenos Aires : Janssen-Cilag.
590 ## - NOTAS LOCALES (RLIN)
Nota local Donación Dra. Silvia L. Perez Marra, 17/11/2004
653 ## - TÉRMINO INDIZADO - PALABRAS CLAVES
Palabra clave Bioquímica y laboratorio
653 ## - TÉRMINO INDIZADO - PALABRAS CLAVES
Palabra clave Normas para el estudio de los análisis clínicos
653 ## - TÉRMINO INDIZADO - PALABRAS CLAVES
Palabra clave Enfermedades virales
653 ## - TÉRMINO INDIZADO - PALABRAS CLAVES
Palabra clave Proteínas séricas
653 ## - TÉRMINO INDIZADO - PALABRAS CLAVES
Palabra clave Varaciones fisiológicas y patológicas de los diferentes metabolitos
653 ## - TÉRMINO INDIZADO - PALABRAS CLAVES
Palabra clave Avances recientes en indicadores tumorales
653 ## - TÉRMINO INDIZADO - PALABRAS CLAVES
Palabra clave Enfermedades por inmunodeficiencias
653 ## - TÉRMINO INDIZADO - PALABRAS CLAVES
Palabra clave Principales determinaciones bioquímicas en psiquiatría
653 ## - TÉRMINO INDIZADO - PALABRAS CLAVES
Palabra clave Estudios prenatales
653 ## - TÉRMINO INDIZADO - PALABRAS CLAVES
Palabra clave Radicales libres
653 ## - TÉRMINO INDIZADO - PALABRAS CLAVES
Palabra clave Alteraciones de las pruebas de laboratorios producidas por drogas o medicamentos
930 ## - NUMERO DE INVENTARIO
Número de inventario 1105
942 ## - ADDED ENTRY ELEMENTS (KOHA)
Source of classification or shelving scheme Dewey Decimal Classification
Item type Libros
Existencias
Estado de retiro Existencia Fuente de clasificación Estado general No para prestamo Ubicación permanente ubicación actual Sala de ubicación Fecha de adquisición Total Checkouts Número de clasificación Código de barras Date last seen Número de ejemplar Price effective from Koha tipo de elemento (item) Public note Coded location qualifier
    Dewey Decimal Classification     Biblioteca Medicina Biblioteca Medicina Circulación 13/05/2011   616 46 KAL 1105 13/05/2011 ej.1 13/05/2011 Libros Hemeroteca 2022  

UNIVERSIDAD NACIONAL DEL COMAHUE
Biblioteca de la Facultad de Ciencias Médicas
Sede Toschi: Los Arrayanes y Av. Toschi, Cipolletti  - Rio Negro
Sede Los Tordos:  Yrigoyen al 2211, Cipolletti - Rio Negro 

Teléfono: 0299 - 4774707 int 25
Contacto: biblioteca@facimed.uncoma.edu.ar
© 2011 - 2026